Fiscal Rules and the Procyclicality of Fiscal Policy in the Developing World /

This paper documents the spread of fiscal rules in the developing world and investigates the relation between fiscal rules and procyclical fiscal policy. We find that, since the early 2000s, developing countries outnumbered advanced economies as users of fiscal rules. Rules were adopted either as pa...

Full description

Bibliographic Details
Main Author: Bova, Elva
Other Authors: Carcenac, Nathalie, Guerguil, Martine
Format: Journal
Language:English
Published: Washington, D.C. : International Monetary Fund, 2014.
Series:IMF Working Papers; Working Paper ; No. 2014/122
Online Access:Full text available on IMF
LEADER 02041cas a2200265 a 4500
001 AALejournalIMF014549
008 230101c9999 xx r poo 0 0eng d
020 |c 5.00 USD 
020 |z 9781498305525 
022 |a 1018-5941 
040 |a BD-DhAAL  |c BD-DhAAL 
100 1 |a Bova, Elva. 
245 1 0 |a Fiscal Rules and the Procyclicality of Fiscal Policy in the Developing World /  |c Elva Bova, Nathalie Carcenac, Martine Guerguil. 
264 1 |a Washington, D.C. :  |b International Monetary Fund,  |c 2014. 
300 |a 1 online resource (27 pages) 
490 1 |a IMF Working Papers 
500 |a <strong>Off-Campus Access:</strong> No User ID or Password Required 
500 |a <strong>On-Campus Access:</strong> No User ID or Password Required 
506 |a Electronic access restricted to authorized BRAC University faculty, staff and students 
520 3 |a This paper documents the spread of fiscal rules in the developing world and investigates the relation between fiscal rules and procyclical fiscal policy. We find that, since the early 2000s, developing countries outnumbered advanced economies as users of fiscal rules. Rules were adopted either as part of the toolkit to join currency unions or to strengthen fiscal frameworks during and after large stabilization and policy reform episodes. The paper also finds that the greater use of fiscal rules has not shielded these countries from procyclicality, since fiscal policy remains procyclical following the adoption of a fiscal rule. We find partial evidence that some features of 'second generation' rules, such as the use of cyclically-adjusted targets, well-defined escape clauses, together with stronger legal and enforcement arrangements, may be associated with less procyclicality. 
538 |a Mode of access: Internet 
700 1 |a Carcenac, Nathalie. 
700 1 |a Guerguil, Martine. 
830 0 |a IMF Working Papers; Working Paper ;  |v No. 2014/122 
856 4 0 |z Full text available on IMF  |u http://elibrary.imf.org/view/journals/001/2014/122/001.2014.issue-122-en.xml  |z IMF e-Library